|
|
|
|
| LEADER |
01493nam a2200385Ia 4500 |
| 001 |
EBC1606685 |
| 003 |
MiAaPQ |
| 005 |
20200520144314.0 |
| 006 |
m o d | |
| 007 |
cr cn||||||||| |
| 008 |
130221s2012 dcua sb 000 0 eng d |
| 020 |
|
|
|z 9781475502886
|
| 020 |
|
|
|z 9781475578546
|
| 035 |
|
|
|a (MiAaPQ)EBC1606685
|
| 035 |
|
|
|a (Au-PeEL)EBL1606685
|
| 035 |
|
|
|a (CaPaEBR)ebr10566359
|
| 035 |
|
|
|a (OCoLC)787873270
|
| 040 |
|
|
|a MiAaPQ
|c MiAaPQ
|d MiAaPQ
|
| 050 |
|
4 |
|a HG3882
|b .L36 2012
|
| 100 |
1 |
|
|a Lanau, Sergi.
|
| 245 |
1 |
0 |
|a Financial regulation and the current account
|h [electronic resource] /
|c prepared by Sergi Lanau, Tomasz Wieladek.
|
| 260 |
|
|
|a [Washington, D.C] :
|b International Monetary Fund, Strategy, Policy and Review Department,
|c [2012]
|
| 300 |
|
|
|a 32 p. :
|b col. ill.
|
| 490 |
0 |
|
|a IMF working paper ;
|v WP/12/98
|
| 500 |
|
|
|a "April 2012".
|
| 504 |
|
|
|a Includes bibliographical references.
|
| 533 |
|
|
|a Electronic reproduction. Ann Arbor, MI : ProQuest, 2015. Available via World Wide Web. Access may be limited to ProQuest affiliated libraries.
|
| 650 |
|
0 |
|a Balance of payments
|x Mathematical models.
|
| 650 |
|
0 |
|a Fiscal policy
|x Mathematical models.
|
| 650 |
|
0 |
|a Finance, Public
|x Econometric models.
|
| 655 |
|
4 |
|a Electronic books.
|
| 700 |
1 |
|
|a Wieladek, Tomasz.
|
| 710 |
2 |
|
|a International Monetary Fund.
|
| 710 |
2 |
|
|a ProQuest (Firm)
|
| 856 |
4 |
0 |
|u https://ebookcentral.proquest.com/lib/matrademy/detail.action?docID=1606685
|z Click to View
|